Регионална библиотека "Любен Каравелов" - Русе

Sicher! (Запис номер 328353)

MARC детайли
000 -Лидер
Контролно поле с фиксирана дължина 01116nam a22003017ab4500
003 - Код на организацията, давaща контролен номер
Контролно поле BLK
005 - Дата и час на последна редакция
Контролно поле 20240827005350.0
008 - Елементи от данни с фиксирана дължина
fixed length control field 190104b bu ||||| |||| 00| 0 bu d
020 ## - Международен стандартен номер на книга ISBN
Международен стандартен номер на книга ISBN 978-3-19-301206-7
040 ## - Източник на каталожния запис
Идентификатор на билиотеката - собственик на записа BLK
041 ## - Код за език
Код за езика на текст/звукозапис или на отделно заглавие Немски
Код за езика КДБФ Немски
080 ## - УДК
Текстов определител УДК Немски език (високонемски, стандартен писмен)
УДК код - определител по УДК 811.112.2
УДК - код + определител 811.112.2-5(076)
100 ## - Редна дума - Автор
R(LIN) 308176
Автор Hering, Axel
Авторска отговорност първи автор
139 ## - Редно поле
Редна дума Hering, Axel
Авторски знак Her - H 57
245 ## - Сведения за заглавието
Заглавие Sicher!
Подзаглавни данни Deutsch als Fremdsprache: Ubungsgrammatik: Niveau B1+, B2, C1
Редно поле (дума) Axel Hering, Magdalena Matussek, Michael Perlmann-Balme
257 ## - Страна на издаване
Страна на създаване/издаване Германия
260 ## - Област на издателските данни
9 (RLIN) 210160
Място на издаване, разпространение и проч. Muchen
Име на издателя, разпространителя и проч. Hueber
Година на издаване 2018
300 ## - Физическа характеристика
Страници 240 c.
Размери/Мащаб 28 cm.
Съпровождащи материали Losungschlussel
380 ## - Жанр
Жанр Езикознание. Филология
650 #0 - Допълнително описание по предмет – тема
9 (RLIN) 274141
Основно описание – тема или топоним Немски език - граматика - упражнения
653 #7 - Ключова дума – ненормативна
Ключова дума немски език
9 (RLIN) 192028
653 #7 - Ключова дума – ненормативна
9 (RLIN) 184355
Ключова дума граматика
700 1# - Други автори (авторска отговорност)
9 (RLIN) 18144
Лично име Matussek, Magdalena
Автороска отговорност (Описва отношението между автора и произведението) съавт.
700 ## - Други автори (авторска отговорност)
Лично име Perlmann-Balme, Michaela
Автороска отговорност (Описва отношението между автора и произведението) съавт.
9 (RLIN) 1445
852 ## - Местоположение
Фондова буква ЧЧЗО - нем. ез. - Гьоте инст.
Систематично-азбучна сигнатура Ч5 803.0-5/H 57
999 ## - СИСТЕМНИ КОНТРОЛНИ НОМЕРА
Koha biblionumber 328353
Koha biblioitemnumber 328353
942 ## - АРТИКУЛИ
Вид на библиотечния материал Книги
Скрит в OPAC Не
Koha issues (borrowed), all copies 3
999 ## - СИСТЕМНИ КОНТРОЛНИ НОМЕРА
Koha biblioitemnumber 328353
944 ## - СЪЗДАВАНЕ И РЕДАКЦИЯ на ЗАПИСА
Служител, извършил регистрацията/редакцията
Статус, дата на статуса CRON CRON
Наличности
Код за отписване Код за изгубен артикул Източник на класификационната схема Код за повреда Коз за рестрикции Код за отдаване Артикулен № Име на библиотеката - собственик Име на библиотеката, в която се намира в момента Статус (Текущо местоположение) Дата на вписване в системата Местоположение - отдел Цена в лева Инвентарен номер Систематично азбучна сигнатура Баркод Цена в евро Служебен тип на артикула
  Не е изгубен Universal Decimal Classification Не е повреден без рестрикции заемане за дома 689382 Регионална библиотека "Любен Каравелов" Русе Регионална библиотека "Любен Каравелов" Русе ЧЧЗО - нем. ез. - Гьоте инст. 2019-02-15 ЧЧЗО - нем. ез. - Гьоте инст. 42.90 120000906106 Ч5 803.0-5/H 57 120000906106 21.93 Книги
Vip Innovations Ltd, Rousse, Bulgaria 2025